Study on gastrointestinal parasite prior slaughter in pigs at slaughter house in takmao town, kandal province, សិក្សាពីបរាសិតក្នុងក្រពះពោះវៀនជ្រូកមុនពេលពិឃាដ នៅទីសត្តឃាត ក្រុងតាខ្មៅ ខេត្តកណ្ដាល (Record no. 7185)

000 -LEADER
fixed length control field 00733nam a22001337a 4500
040 ## - CATALOGING SOURCE
Transcribing agency RUA
082 ## - DEWEY DECIMAL CLASSIFICATION NUMBER
Classification number VEM YOR 2014 B440 Or.1
100 ## - MAIN ENTRY--AUTHOR NAME
Personal name YORN CHOMROEUN ; យ៉ន ចំរើន
245 ## - TITLE STATEMENT
Title Study on gastrointestinal parasite prior slaughter in pigs at slaughter house in takmao town, kandal province, សិក្សាពីបរាសិតក្នុងក្រពះពោះវៀនជ្រូកមុនពេលពិឃាដ នៅទីសត្តឃាត ក្រុងតាខ្មៅ ខេត្តកណ្ដាល
260 ## - PUBLICATION, DISTRIBUTION, ETC. (IMPRINT)
Place of publication Phnom Penh
Name of publisher RUA
Year of publication 2014
300 ## - PHYSICAL DESCRIPTION
Number of Pages x ;44p.
Other physical details ill.
Dimensions 29cm.
856 ## - ELECTRONIC LOCATION AND ACCESS
Uniform Resource Identifier https://drive.google.com/file/d/1qcm9p7xAWK0_e-AbXM6cfh_fRESx7iky/view?usp=sharing
942 ## - ADDED ENTRY ELEMENTS (KOHA)
Koha item type VEM
952 ## - LOCATION AND ITEM INFORMATION (KOHA)
Withdrawn status [LOCAL, KOHA] 0
952 ## - LOCATION AND ITEM INFORMATION (KOHA)
Withdrawn status [LOCAL, KOHA] 0
952 ## - LOCATION AND ITEM INFORMATION (KOHA)
Withdrawn status [LOCAL, KOHA] 0
952 ## - LOCATION AND ITEM INFORMATION (KOHA)
Withdrawn status [LOCAL, KOHA] 0
952 ## - LOCATION AND ITEM INFORMATION (KOHA)
Withdrawn status [LOCAL, KOHA] 0
952 ## - LOCATION AND ITEM INFORMATION (KOHA)
Withdrawn status [LOCAL, KOHA] 0
952 ## - LOCATION AND ITEM INFORMATION (KOHA)
Withdrawn status [LOCAL, KOHA] 0
Holdings
Permanent Location Date acquired Koha item type Lost status Shelving location Barcode Current Location Full call number
Library Block B2016-02-27VEM B440RUA053061Library Block BVEM YOR 2014 B440 Or.1
Library Block B2016-02-27VEM B440RUA052506Library Block BVEM YOR 2014 B440 Or.2
Library Block B2016-02-27VEM B440RUA052623Library Block BVEM YOR 2014 B440 Or.3
Library Block B2016-02-27VEM B440RUA053264Library Block BVEM YOR 2014 B440 Or.4
Library Block B2016-02-27VEM B440RUA052447Library Block BVEM YOR 2014 B440 Or.5
Library Block B2016-02-27VEM B440RUA053262Library Block BVEM YOR 2014 B440 Or.6
Library Block B2016-02-27VEM B440RUA053361Library Block BVEM YOR 2014 B440 Or.7
មជ្ឈមណ្ឌលឯការនៃសាកលវិទ្យាល័យភូមិន្ទកសិកម្មចំការដូង

Powered by Koha